000 00655nam a22002177a 4500
003 UA-OsUOA
001 104279
007 ta
008 20131210b un ||||| |||| 00| 0 ukr d
100 _aВисочин І.В.
090 _a330(477)
_bВ53
942 _cSA
040 _aUA-OsUOA
_bukr
_cUA-OsUOA
_dUA-OsUOA
245 _aРоздрібний товарооборот підприємтсв як індикатор соціально-економічного розвитку України
300 _aС.34-44
955 _a0
041 _aukr
080 _a330(477)
773 0 _w104278
650 7 _a330 Економіка взагалі
_2UDC
999 _c389541
_d389541